[Event "Bistro Stella Rapid 2018"]
[Site "Limhamm"]
[Date "2018.12.01"]
[Round "5"]
[White "Hillarp Persson, Tiger"]
[Black "Westerberg, Jonathan"]
[Result "1-0"]
[WhiteElo "2546"]
[BlackElo "2534"]
[Annotator "TA"]
[PlyCount "123"]
[EventDate "2018.12.01"]
[EventType "swiss"]
[EventCountry "SWE"]
[SourceTitle "playchess.com"]
[Source "ChessBase"]
[SourceQuality "1"]

{[%evp 17,122,0,0,0,34,2,26,3,41,0,0,0,12,0,0,-8,0,-20,-12,-9,-15,-22,0,-9,0,-23,-11,-18,0,-10,0,-8,0,-1,-4,-27,-25,-39,-33,-34,-53,-64,-31,-49,-14,-44,-46,-209,-29,-63,-44,-77,-88,-106,-94,-72,-82,-347,-358,-385,-390,-460,0,-107,-45,-65,-21,-14,-16,-29,-15,-51,0,-35,-24,-33,-38,-41,72,86,172,132,120,97,253,200,325,316,305,197,712,672,825,791,735,793,1575,1145,1976,799,29985,29986,29986,29987,29998,29999,29999]} 1. c4 e6 2. d4 d5 3. Nc3 a6 4. cxd5 exd5 5. Bf4 c6 (5... Nf6 6. e3 Bd6 7. Bg5 Be6 8. Bd3 Nbd7 9. f4 h6 10. Bh4 g5 11. fxg5 hxg5 12. Bxg5 Rxh2 13. Rxh2 Bxh2 {1-0 (69) Yu,Y (2762)-Fedoseev,V (2707) Danzhou 2018}) 6. e3 {D31: Queen's Gambit Declined: Semi-Slav without ...Nf6 (+ Marshall Gambit and Noteboom) and Exchange Variation lines without ...Nf6} Bd6 7. Bg3 Ne7 8. Bd3 Bf5 9. Nf3 O-O {LiveBook: 12 Games} 10. Rc1 Bg6 $146 ({Predecessor:} 10... Bxd3 11. Qxd3 Ng6 12. O-O Bxg3 13. hxg3 {1-0 (64) Sahil,T (2165)-Muha,M (2258) Zadar 2016}) 11. Qc2 a5 12. a3 Na6 13. O-O Bxg3 14. hxg3 Nc7 15. Ne5 Bxd3 16. Qxd3 Ne8 17. g4 f6 18. Nf3 {[%cal Be5f3,Bf3h2,Bh2f1,Bf1g3][%mdl 32]} Qd7 19. Nh2 Nd6 20. Na4 Rab8 21. f3 b6 22. Rf2 Ng6 23. Qc2 Qf7 24. Nf1 Rfe8 25. Re1 Qd7 26. Ng3 Ne7 27. Nc3 f5 28. gxf5 Nexf5 29. Nxf5 Nxf5 30. Qd2 Qd6 31. Qd3 Qf6 32. Rd2 $2 (32. e4 $15) 32... Qh4 $2 (32... Re6 $19 {Threatens to win with ...Qh4.} 33. e4 Rf8) 33. Rdd1 $1 $11 Qg5 34. e4 Nh4 $1 {[%csl Gh4][%cal Rg5g2]} ({Reject} 34... Qh4 35. Qd2 $11) 35. Qf1 Rf8 36. Rd3 Rbe8 37. e5 $2 {[%mdl 8192]} (37. Re2 $17 {was called for.}) 37... Re6 $1 $19 38. Ne2 {[#]} Rg6 $1 39. g3 Nf5 $2 ({Better is} 39... Qf5 $19 40. Red1 Nxf3+ 41. Qxf3 Qxf3 42. Rxf3 Rxf3) 40. Qg2 (40. f4 $11 Qg4 41. Qf3) 40... Nxg3 (40... Ne3 $17 41. Qf2 Nc4) 41. Nxg3 $15 Qxg3 (41... h5 {looks sharper.} 42. Kf2 h4 43. Rg1 hxg3+ 44. Qxg3 Rxf3+ 45. Kxf3 Qf5+) 42. Qxg3 Rxg3+ $17 {[%mdl 4096] Endgame KRR-KRR} 43. Kf2 Rg6 44. Rc1 Re6 (44... h5 $15) 45. Ke3 g5 46. Rb3 b5 47. Rbc3 Rc8 {[#]} (47... Rh6 $15) 48. Rc5 $1 $16 b4 (48... Rh6 $16 {is a better defense.}) 49. axb4 ({Resist} 49. Rxa5 $6 bxa3 50. bxa3 (50. Rxa3 Rb8 $14) 50... Rb8 $14) 49... axb4 {[#]} 50. Rxd5 $1 {[%mdl 576] Pin} Ra8 $2 (50... h5 $16) (50... cxd5 51. Rxc8+) 51. Rd7 Ra2 (51... h5 $142 52. Rc7 Rf8) 52. Rc2 $18 b3 53. Rg2 h6 $2 (53... Rg6 54. Rb7 Ra1 55. Rxb3 h5) 54. f4 {[%cal Bf3f4,Bf4f5,Bf5f6][%mdl 32]} Kf8 55. f5 Re7 56. Rd6 c5 57. Rxh6 cxd4+ 58. Ke4 d3 59. f6 {White mates.} Ra4+ 60. Kf5 Rd7 61. Rh8+ Kf7 62. e6# {Accuracy: White = 46%, Black = 23%.} 1-0

[Event "Bistro Stella Rapid 2018"]
[Site "Limhamm"]
[Date "2018.12.01"]
[Round "5"]
[White "Hector, Jonny"]
[Black "Semcesen, Daniel"]
[Result "0-1"]
[WhiteElo "2501"]
[BlackElo "2464"]
[Annotator "ChessBase"]
[PlyCount "96"]
[EventDate "2018.12.01"]
[EventType "swiss"]
[EventCountry "SWE"]
[SourceTitle "playchess.com"]
[Source "ChessBase"]
[SourceQuality "1"]
[TimeControl "900+5"]

1. e4 {[%emt 0:00:00]} e5 {[%emt 0:00:03]} 2. Nf3 {[%emt 0:00:02]} Nc6 {[%emt 0:00:08]} 3. Bc4 {[%emt 0:00:03]} Be7 {[%emt 0:00:15]} 4. O-O {[%emt 0:00:38]} Nf6 {[%emt 0:00:12]} 5. d4 {[%emt 0:00:03]} d6 {[%emt 0:00:06]} 6. dxe5 {[%emt 0:00:23]} Nxe5 {[%emt 0:00:14]} 7. Nxe5 {[%emt 0:00:05]} dxe5 {[%emt 0:00:04]} 8. Qe2 {[%emt 0:00:15]} c6 {[%emt 0:00:11]} 9. Rd1 {[%emt 0:00:53]} Qc7 {[%emt 0:00:10]} 10. b3 {[%emt 0:00:06]} O-O {[%emt 0:00:22]} 11. Bb2 {[%emt 0:00:02]} Bg4 {[%emt 0:00:55]} 12. f3 {[%emt 0:00:03]} Bd7 {[%emt 0:00:24]} 13. a4 {[%emt 0:00:10]} Rfd8 {[%emt 0:00:32]} 14. Nd2 {[%emt 0:00:29]} Bc5+ {[%emt 0:00:36]} 15. Kh1 {[%emt 0:00:04]} Be8 {[%emt 0:00:02]} 16. Nf1 {[%emt 0:01:18]} Qe7 {[%emt 0:00:59]} 17. Qe1 {[%emt 0:01:41]} Nh5 {[%emt 0:03:09]} 18. g3 {[%emt 0:00:45]} Nf6 {[%emt 0:01:19]} 19. g4 {[%emt 0:00:34]} Nd7 {[%emt 0:00:06]} 20. Qg3 {[%emt 0:00:32]} a6 {[%emt 0:00:52]} 21. a5 {[%emt 0:00:15]} Kh8 {[%emt 0:00:14]} 22. g5 {[%emt 0:00:14]} f6 {[%emt 0:01:24]} 23. gxf6 {[%emt 0:00:52]} Qxf6 {[%emt 0:00:04]} 24. Be2 {[%emt 0:02:07]} Bg6 {[%emt 0:00:23]} 25. Nd2 {[%emt 0:00:09]} Bd6 {[%emt 0:01:23]} 26. Nc4 {[%emt 0:00:07]} Bc7 {[%emt 0:00:01]} 27. Rd2 {[%emt 0:00:46]} Bf7 {[%emt 0:00:43]} 28. Rad1 {[%emt 0:00:08]} Be6 {[%emt 0:00:02]} 29. Bc3 Bxc4 {[%emt 0:01:03]} 30. Bxc4 {[%emt 0:00:47]} Nf8 {[%emt 0:00:03]} 31. Rxd8 {[%emt 0:01:18]} Rxd8 {[%emt 0:00:02]} 32. Rxd8 {[%emt 0:00:02]} Qxd8 {[%emt 0:00:02]} 33. Bxe5 {[%emt 0:00:01]} Qd1+ {[%emt 0:00:16]} 34. Kg2 {[%emt 0:00:02]} Qxc2+ {[%emt 0:00:18]} 35. Kh3 {[%emt 0:00:02]} Bxe5 {[%emt 0:00:18]} 36. Qxe5 {[%emt 0:00:02]} Qd1 {[%emt 0:00:21]} 37. Qf5 {[%emt 0:01:16]} Qd8 {[%emt 0:00:10]} 38. Bf7 {[%emt 0:00:28]} Qe7 {[%emt 0:00:14]} 39. Kg2 {[%emt 0:00:22]} g6 {[%emt 0:00:02]} 40. Qf4 {[%emt 0:00:02]} Kg7 {[%emt 0:00:01]} 41. Bc4 {[%emt 0:00:02]} g5 {[%emt 0:00:09]} 42. Qb8 {[%emt 0:00:13]} Ng6 {[%emt 0:00:02]} 43. Kf2 {[%emt 0:00:23]} Qc5+ {[%emt 0:00:03]} 44. Ke1 {[%emt 0:00:08]} Qe3+ {[%emt 0:00:05]} 45. Kd1 {[%emt 0:00:16]} Qxf3+ {[%emt 0:00:06]} 46. Kc2 {[%emt 0:00:27]} Qxe4+ {[%emt 0:00:04]} 47. Bd3 {[%emt 0:00:01]} Qe7 {[%emt 0:00:07]} 48. Bf5 Qc5+ {[%emt 0:00:04]} 0-1

[Event "Bistro Stella Rapid 2018"]
[Site "Limhamm"]
[Date "2018.12.01"]
[Round "5"]
[White "Brynell, Stellan"]
[Black "Grandelius, Nils"]
[Result "1/2-1/2"]
[WhiteElo "2409"]
[BlackElo "2678"]
[Annotator "TA"]
[PlyCount "75"]
[EventDate "2018.12.01"]
[EventType "swiss"]
[EventCountry "SWE"]
[SourceTitle "playchess.com"]
[Source "ChessBase"]
[SourceQuality "1"]

{[%evp 27,75,-72,-72,-72,-72,-72,-72,-74,-68,-77,-74,-89,-82,-97,-95,-160,-162,-143,-16,-52,-10,-7,-11,-11,0,-39,0,0,6,0,0,0,0,0,0,0,64,64,97,106,100,96,96,97,97,0,97,0,111,0]} 1. d4 Nf6 2. c4 e6 3. Nf3 d5 4. g3 Bb4+ 5. Nc3 O-O 6. Bg2 dxc4 7. O-O Nc6 8. Bg5 h6 9. Bxf6 Qxf6 10. e3 Rb8 11. Nd2 {E20: Nimzo-Indian: 4 g3 and 4 f3} Na5 12. Qa4 (12. Qh5 Qf5 13. Qe2 Qd3 14. Qxd3 cxd3 15. Rac1 b6 16. a3 Be7 17. b4 Nb7 18. Nb5 c5 19. Nxa7 {½-½ (65) Fridman,D (2624)-Neiksans,A (2607) Tallinn 2016}) 12... Qe7 13. a3 Bxc3 14. bxc3 b6 {[%cal Bb7b6,Bb6c5][%mdl 32] LiveBook: 5 Games} 15. Qb4 c5 16. dxc5 Qxc5 17. Qxc5 bxc5 18. Rab1 Bd7 19. Ne4 $146 ({Predecessor:} 19. Rxb8 Rxb8 {0-1 (35) Jegorovas,A (2454)-Fischer,D (2398) ICCF email 2008}) 19... Nb3 20. Rfd1 Ba4 21. Bf1 (21. g4 $142) 21... f5 $1 $17 {[%cal Rf5e4]} 22. Nd6 {[#]} Na5 (22... Nd2 $1 $17 {[%cal Rd2b1][%mdl 512]} 23. Rxb8 (23. Rxd2 Rxb1) 23... Nf3+ 24. Kg2 Rxb8) 23. Re1 Bb3 {...Rfd8 is the strong threat.} 24. e4 Rfd8 25. e5 Kf8 26. Rb2 Ke7 27. f4 Rb6 28. Kf2 Rdb8 29. Ke3 Nb7 30. Nxc4 Bxc4 31. Rxb6 axb6 ({Black should try} 31... Bxf1 $11 32. Rxb7+ Rxb7 33. Rxf1 g5) 32. Bxc4 $11 {[%mdl 4096] Endgame KRB-KRN} Ra8 {[#]} 33. Rb1 $1 {[%cal Rb1b6]} Na5 34. Be2 Rb8 35. Bb5 Rd8 36. Be2 Rb8 37. Bb5 Rd8 38. Be2 {Accuracy: White = 51%, Black = 47%.} (38. Bf1 $16) 1/2-1/2

[Event "Bistro Stella Rapid 2018"]
[Site "Limhamm"]
[Date "2018.12.01"]
[Round "6"]
[White "Westerberg, Jonathan"]
[Black "Brynell, Stellan"]
[Result "1/2-1/2"]
[WhiteElo "2534"]
[BlackElo "2409"]
[Annotator "TA"]
[PlyCount "87"]
[EventDate "2018.12.01"]
[EventType "swiss"]
[EventCountry "SWE"]
[SourceTitle "playchess.com"]
[Source "ChessBase"]
[SourceQuality "1"]

{[%evp 21,87,18,17,26,35,17,54,57,57,43,58,28,11,21,15,-2,0,0,37,48,47,41,41,45,89,77,74,16,16,0,5,0,0,0,0,0,0,0,0,-132,-100,-145,-125,-127,-121,-147,-110,-125,0,0,57,58,58,66,58,66,64,0,0,0,0,6,111,0,0,0,0,0]} 1. d4 d5 2. Nf3 Nf6 3. e3 e6 4. Bd3 c5 5. c3 Nc6 6. Nbd2 Bd6 7. O-O O-O 8. dxc5 Bxc5 9. b4 {D05: Colle System with ...e6} Be7 (9... Bd6 10. Bb2 e5 11. e4 Bg4 12. Re1 Bc7 13. h3 Bh5 14. exd5 Qxd5 15. Ne4 Nxe4 16. Bxe4 Qxd1 17. Raxd1 f6 18. Rd7 {0-1 (42) Artemiev,V (2695)-Ponkratov,P (2603) Sochi 2017}) 10. Bb2 b6 11. a3 Bb7 {LiveBook: 3 Games} 12. Qe2 $146 ({Predecessor:} 12. c4 Rc8 13. Rc1 h6 14. Qe2 dxc4 15. Nxc4 {1-0 (30) Li,D (2485)-Xiang,Z (2395) Shenzhen 2017}) 12... Rc8 13. Rac1 Qc7 14. c4 {Black must now prevent cxd5.} Qb8 15. cxd5 Nxd5 16. b5 Na5 17. Ne5 Nf6 18. Ng4 (18. g4 {seems wilder.} Bd6 19. f4 h6 20. Ndf3 Bxf3 21. Qxf3 Bxe5 22. Bxe5 Qb7 23. Qxb7 Nxb7 24. Bxf6 gxf6 25. Kf2) 18... Rxc1 19. Rxc1 Rc8 20. Nxf6+ Bxf6 21. Rxc8+ Qxc8 22. Bxf6 Qc1+ 23. Nf1 {White threatens Qg4 and mate.} gxf6 24. Qg4+ (24. Qh5 $16) 24... Kf8 $11 25. Bxh7 f5 $132 {[%mdl 2048] Black is fighting back} 26. Qg8+ Ke7 27. Qg7 {Hoping for Bg6.} Nc4 28. Bg8 Nd6 29. h4 {And now h5 would win.} Be4 {...Bd3 is the strong threat.} 30. Qd4 (30. Qg5+ $11 {remains equal.} Kd7 31. Qg7) 30... Nxb5 31. Qb4+ Qc5 {Threatens to win with ...Qxb4.} 32. Qb2 {Threatening Qg7.} Nc3 33. Ng3 Kf8 34. Bh7 {[#]} Qc4 (34... Bc6 $1 $17 35. h5 Qd5 36. Qb4+ Ke8) 35. h5 $1 Kg7 ({Black should try} 35... f6 $11) 36. Nxe4 $14 Qxe4 37. Qxc3+ Kxh7 {[%mdl 4096] Endgame KQ-KQ} 38. Qf6 Kg8 39. h6 ({Better is} 39. Qd8+ $1 $14 Kg7 40. Qg5+ Kh8 41. Qf6+ Kg8 42. Qd8+ Kg7 {[#]} 43. h6+ $1 {[%mdl 576] Decoy} Kxh6 44. Qf6+ {[%mdl 64] Double Attack} Kh7 45. Qxf7+ {[%mdl 64] Double Attack} Kh6 46. Qxa7) 39... Qg4 $11 {[#]} 40. h7+ $1 {[%mdl 576] Deflection, Decoy} Kxh7 41. Qxf7+ {[%mdl 64] Double Attack} Kh8 $1 42. Qxe6 ({White should play} 42. Qf8+ $16 Kh7 43. Qf7+ Kh8 44. Qf6+ (44. Qxe6 Qd1+ 45. Kh2 Qh5+ 46. Kg3 Qg5+ 47. Kh3 Qh5+ 48. Kg3 Qg4+ 49. Kh2 Qh5+ 50. Kg1 Qd1+ 51. Kh2 Qh5+ $11) 44... Kh7 45. Qf7+ (45. Qxe6 Qd1+ 46. Kh2 Qh5+ 47. Kg3 Qg4+ 48. Kh2 Qh5+ 49. Kg3 Qg4+ 50. Kh2 Qh5+ $11)) 42... Qd1+ 43. Kh2 {Strongly threatening Qe5+.} Qh5+ 44. Kg1 {Accuracy: White = 50%, Black = 66%.} 1/2-1/2

[Event "Bistro Stella Rapid 2018"]
[Site "Limhamm"]
[Date "2018.12.01"]
[Round "6"]
[White "Tikkanen, Hans"]
[Black "Hillarp Persson, Tiger"]
[Result "0-1"]
[WhiteElo "2519"]
[BlackElo "2546"]
[Annotator "TA"]
[PlyCount "77"]
[EventDate "2018.12.01"]
[EventType "swiss"]
[EventCountry "SWE"]
[SourceTitle "playchess.com"]
[Source "ChessBase"]
[SourceQuality "1"]

{[%evp 17,77,10,26,21,31,22,22,3,2,11,14,10,14,-2,-8,-39,-45,-95,-107,-112,-100,-104,-100,-100,-100,-83,-94,-88,-68,-117,-105,-273,-274,-360,-377,-457,-461,-373,-206,-251,-196,-244,-260,-247,-212,-288,-280,-282,-281,-277,-237,-225,-201,-217,-218,-185,-132,-105,-75,-578,-578,-537]} 1. d4 Nf6 2. Nf3 g6 3. e3 Bg7 4. Be2 O-O 5. c4 c5 (5... d6 6. Nc3 Bf5 7. Qb3 b6 8. d5 a5 9. Nd4 Bd7 10. O-O Na6 11. Qd1 Nc5 12. Bf3 Rc8 13. a3 e5 14. dxe6 Nxe6 {0-1 (56) Topalov,V (2747)-Ding,L (2797) Wenzhou 2018}) 6. d5 {E60: King's Indian: Unusual lines and Fianchetto Variation without Nc3} e6 7. Nc3 exd5 8. cxd5 d6 9. O-O Na6 {LiveBook: 21 Games} 10. e4 Re8 11. Nd2 Rb8 12. Re1 Nc7 13. a4 {[#]} a6 $146 14. a5 Bd7 15. Bf3 Bb5 16. Qb3 Nd7 {[%cal Bf6d7,Bd7e5,Be5f3][%mdl 32]} 17. Nc4 Bxc4 $1 18. Qxc4 Ne5 19. Qf1 Nxf3+ 20. gxf3 b5 21. axb6 Rxb6 22. Ra2 Qh4 23. Be3 f5 $36 {[%cal Rf5e4,Bf7f5,Bf5f4][%mdl 2080] Black is really pushing.} 24. Qg2 $2 (24. Bd2 $17) 24... f4 $1 $19 {[%cal Rf4e3]} 25. Bc1 Re5 $1 {[%cal Re5g5]} 26. Kh1 Rg5 27. Qf1 Be5 (27... Rb3 $142 28. Bd2 Bd4) 28. Ra3 Rb8 29. h3 Qh5 $1 {[%cal Rh5f3]} 30. Ne2 {[#]} Rf8 $1 ({Less strong is} 30... Bxb2 31. Bxb2 Rxb2 32. Nxf4 $15) 31. Ng1 {[#]} Nb5 $1 32. Rxa6 Nd4 33. Ra3 Rxg1+ {[%mdl 64] Remove Defender, Decoy} 34. Kxg1 Nxf3+ 35. Rxf3 Qxf3 36. Qg2 Qd3 (36... Qxg2+ $19 37. Kxg2 f3+ 38. Kg1 Kg7) 37. f3 $17 Rb8 38. Re2 $2 {[%mdl 8192]} (38. Qg4 $17 {keeps fishing.}) 38... Rb3 $19 39. Re1 {Accuracy: White = 48%, Black = 77%.} 0-1

[Event "Bistro Stella Rapid 2018"]
[Site "Limhamm"]
[Date "2018.12.01"]
[Round "6"]
[White "Hector, Jonny"]
[Black "Hansen, Sune Berg"]
[Result "1-0"]
[WhiteElo "2501"]
[BlackElo "2583"]
[Annotator "TA"]
[PlyCount "89"]
[EventDate "2018.12.01"]
[EventType "swiss"]
[EventCountry "SWE"]
[SourceTitle "playchess.com"]
[Source "ChessBase"]
[SourceQuality "1"]

{[%evp 12,89,26,10,24,0,3,0,0,-14,16,-8,-9,-18,-19,-29,-29,-49,-40,-52,-52,-56,-55,-96,-54,-95,-43,-47,-43,-58,-42,-37,-37,-38,-21,-24,0,0,0,0,45,57,109,97,114,114,162,121,155,154,144,143,172,123,134,131,141,123,123,123,124,124,206,191,199,191,208,139,136,136,212,201,312,162,403,397,520,506,472,454]} 1. e4 e5 2. Nf3 Nc6 3. Bc4 Bc5 4. O-O d6 5. c3 Nf6 6. d3 h6 7. Bb3 {LiveBook: 64 Games. C54: Giuoco Piano: 4 c3 Nf6, main lines with 5 d4 and 5 d3} (7. b4 {seems wilder.} Bb6 8. a4 a6 9. Nbd2 O-O 10. Re1) (7. Re1 O-O 8. Nbd2 a5 9. Nf1 Be6 10. Bb5 Bb6 11. Ng3 Ne7 12. d4 c6 13. Bd3 Qc7 14. h3 c5 15. d5 {1-0 (81) Ragger,M (2701)-McShane,L (2667) Germany 2018}) 7... a5 8. Be3 Bxe3 $146 ({Predecessor:} 8... Ba7 9. Nbd2 O-O 10. Bxa7 Rxa7 11. Re1 {½-½ (11) Nemeth,M (2472)-Berczes,D (2484) Budapest 2017}) 9. fxe3 {The position is equal.} O-O 10. Nbd2 Be6 11. Bc2 Ne7 12. d4 Ng6 13. Qe1 a4 14. a3 c6 15. c4 Re8 16. Qd1 Qb6 17. Rb1 Qa6 18. Bd3 Ng4 (18... exd4 $17 19. Nxd4 Ne5) 19. Re1 $15 Qa7 20. Bf1 Rad8 21. Rc1 Bd7 22. Nb1 exd4 23. exd4 c5 24. Nc3 cxd4 25. Qxd4 Qxd4+ (25... Qa5 {keeps more tension.} 26. Qxd6 Bc6 27. Qb4 Qa7+ 28. c5 Qb8) 26. Nxd4 N4e5 ({Black should try} 26... Nf6 $14) 27. Ndb5 $16 Bxb5 28. cxb5 Ra8 29. Rcd1 Red8 30. Rd4 Nf4 31. Red1 Ne6 32. Rxd6 Rxd6 33. Rxd6 Kf8 34. Rd5 f6 35. Rd2 Nc5 36. Be2 b6 (36... Ke8 $16) 37. Rd6 Rb8 38. Kf1 Kf7 39. Nd5 Nxe4 40. Rxb6 Rd8 {[#]} (40... Rc8 $16 41. Bh5+ g6) 41. Rb7+ $1 $18 Kg8 (41... Ke6 $142) 42. Ne7+ (42. Nc3 $142 Nxc3 43. bxc3) 42... Kh8 $2 (42... Kf8 {was necessary.}) 43. Nc6 Rd2 44. Nxe5 fxe5 45. Ke1 {Accuracy: White = 49%, Black = 35%.} 1-0

[Event "Bistro Stella Rapid 2018"]
[Site "Limhamm"]
[Date "2018.12.01"]
[Round "7"]
[White "Grandelius, Nils"]
[Black "Westerberg, Jonathan"]
[Result "1/2-1/2"]
[WhiteElo "2678"]
[BlackElo "2534"]
[Annotator "TA"]
[PlyCount "40"]
[EventDate "2018.12.01"]
[EventType "swiss"]
[EventCountry "SWE"]
[SourceTitle "playchess.com"]
[Source "ChessBase"]
[SourceQuality "1"]

{[%evp 20,21,35,24]} 1. d4 {Postny,E} d5 2. c4 dxc4 3. Nf3 Nf6 4. e3 Bg4 5. Bxc4 e6 6. h3 Bh5 7. Nc3 a6 8. O-O Nc6 9. Be2 Bd6 10. b3 O-O 11. Bb2 {LiveBook: 88 Games} {Predecessor:} Qe7 $146 12. Rc1 Rad8 13. Ne5 Nxe5 14. Bxh5 Ng6 15. Bxg6 hxg6 16. Qf3 c6 17. Rfd1 e5 18. dxe5 Bxe5 19. Rxd8 Rxd8 20. Rd1 b5 {½-½ (62) Giri,A (2785)-Carlsen,M (2855) Bilbao 2016 CBM 174 [Postny,E]} 1/2-1/2

[Event "Bistro Stella Rapid 2018"]
[Site "Limhamm"]
[Date "2018.12.01"]
[Round "7"]
[White "Hansen, Sune Berg"]
[Black "Semcesen, Daniel"]
[Result "1-0"]
[WhiteElo "2583"]
[BlackElo "2464"]
[Annotator "TA"]
[PlyCount "81"]
[EventDate "2018.12.01"]
[EventType "swiss"]
[EventCountry "SWE"]
[SourceTitle "playchess.com"]
[Source "ChessBase"]
[SourceQuality "1"]

{[%evp 16,81,40,22,67,68,68,71,91,84,111,94,98,103,101,97,96,97,91,104,115,106,112,106,141,124,141,143,144,139,129,135,193,193,189,189,188,194,187,187,187,187,187,187,237,236,299,292,420,69,69,70,458,424,536,520,507,481,836,814,677,686,777,641,616,0,29990,29991]} 1. d4 d5 2. c4 c6 3. Nf3 Nf6 4. Nbd2 g6 5. e3 Bg7 6. b4 O-O 7. Bb2 dxc4 {A48: 1 d4 Nf6 2 Nf3 g6: Torre, London and Colle Systems} (7... a5 8. b5 cxb5 9. cxb5 Bg4 10. Bd3 Nbd7 11. O-O Qb6 12. h3 {½-½ (12) Vallejo Pons,F (2677)-Wen,Y (2609) Moscow 2016}) 8. Nxc4 Nbd7 9. Be2 {LiveBook: 8 Games} b6 $146 {The position is equal.} ({Predecessor:} 9... Nb6 10. Na5 Rb8 11. O-O Bf5 12. a3 h6 13. Rc1 Qd6 14. Nd2 h5 15. Re1 {1-0 (82) Nezad,H (2412)-Traore,B (2169) Batumi 2018}) 10. O-O Bb7 11. Qb3 Qb8 12. Rac1 Rc8 13. Rfd1 e6 14. Nfe5 {[%cal Bf3e5,Be5d7,Bd7c5][%mdl 32]} a5 15. bxa5 b5 16. Nb6 Nxb6 17. axb6 Nd5 18. Nd7 Qd6 19. Nc5 Rcb8 20. Bf3 $36 {[%mdl 2048] Black is under strong pressure.} Bc8 {[#]} 21. b7 $1 {[%cal Rb7a8]} (21. Ne4 Qd7 $14) 21... Bxb7 22. e4 Ne7 23. Ba3 Qd8 {[#]} (23... Re8 $16 {keeps fighting.} 24. e5 Qc7 25. Nxb7 Qxb7) 24. d5 $1 $18 {[%mdl 512]} cxd5 25. Nxb7 Rxb7 {[#]} 26. Bxe7 $1 Rxe7 27. exd5 Rc8 28. dxe6 {[%mdl 64] Discovered Attack} (28. Qxb5 $6 Rxc1 29. Rxc1 exd5 $14) 28... Rxc1 29. exf7+ ({But not} 29. Rxc1 $6 Rxe6 30. Qxb5 Bd4 $14) 29... Kf8 {( -> ...Re1+)} 30. Rxc1 Bd4 31. Bd5 Qc7 (31... Kg7 $142 32. Qb4 (32. Qxb5 Re5 $16) 32... Bf6) 32. Rf1 $2 (32. Qd1 $18 Bc3 33. Bb3) 32... Qc5 $14 33. Qf3 {Threatens to win with Bb3.} Re5 $2 {[%mdl 8192]} ({Black should try} 33... Bxf2+ $1 $14 34. Qxf2 (34. Kh1 Re1 $16) 34... Qxd5) 34. Bb3 $18 {Intending Qa8+ and mate.} Rf5 35. Qa8+ Kg7 36. g4 Bxf2+ (36... Rf4 $142 37. Kh1 Qe7) 37. Kg2 Rf4 38. h3 b4 39. Kh1 Kh6 40. Kg2 $2 ({White should play} 40. Qd8 $18) 40... Qe3 $2 {[%mdl 8192]} (40... Kg7 $11 41. Qg8+ Kh6) 41. f8=Q+ {Accuracy: White = 72%, Black = 40%.} 1-0

[Event "Bistro Stella Rapid 2018"]
[Site "Limhamm"]
[Date "2018.12.01"]
[Round "7"]
[White "Hillarp Persson, Tiger"]
[Black "Hector, Jonny"]
[Result "0-1"]
[WhiteElo "2546"]
[BlackElo "2501"]
[Annotator "TA"]
[PlyCount "85"]
[EventDate "2018.12.01"]
[EventType "swiss"]
[EventCountry "SWE"]
[SourceTitle "playchess.com"]
[Source "ChessBase"]
[SourceQuality "1"]

{[%evp 16,85,41,33,45,49,95,77,123,74,93,70,78,23,31,29,32,27,25,-6,-9,0,-9,-22,-22,-20,90,88,95,83,107,0,142,-7,-5,-13,0,-1,0,0,0,0,25,22,18,18,45,45,45,45,45,45,54,27,55,60,56,15,18,12,14,10,12,-4,-4,-4,-4,-8,-7,-8,-8,-22]} 1. c4 e5 2. e3 Nf6 3. Nc3 d5 4. cxd5 Nxd5 5. Nf3 Nc6 6. Bb5 Nxc3 7. bxc3 Bd6 8. d4 Bd7 9. O-O {LiveBook: 13 Games} e4 {A28: English Opening: Four Knights Variation} (9... Qe7 10. e4 O-O 11. Re1 Nxd4 12. Nxd4 exd4 13. Bxd7 Qxd7 14. cxd4 Bb4 15. Re3 Rad8 16. Bb2 Bc5 17. Rd3 {0-1 (66) Howell,D (2676)-Malakhov,V (2686) Riadh 2017}) 10. Nd2 $1 Qh4 {[%csl Gd6][%cal Rh4h2]} 11. g3 (11. f4 {is more complex.} a6 12. Be2 Qe7 13. Qc2 f5 14. Nc4) 11... Qg5 {White is better.} 12. Be2 $146 ({Predecessor:} 12. c4 f5 13. c5 Be7 14. f4 Qg6 15. Nc4 Bf6 16. Bb2 Rd8 17. Rf2 {0-1 (40) Kocsis,L-Unrath,H (2355) Budapest 1990}) 12... f5 13. Rb1 b6 14. Qb3 (14. Bb5 $16) 14... h5 $11 15. Qd5 {Hoping for Bb5.} Be7 16. Nc4 {Threatens to win with Ne5.} Rd8 17. f3 h4 18. g4 $36 {[%mdl 2048] White has the initiative.} exf3 19. Bxf3 fxg4 20. Be4 {[%csl Gf1][%cal Rd5f7]} Qxd5 (20... Rf8 $11) 21. Bg6+ $16 {[#]} ({Much worse is} 21. Bxd5 Rf8 $11) 21... Qf7 $1 22. Bxf7+ ({Not} 22. Rxf7 Rh6 $15) 22... Kf8 23. Be6+ (23. e4 $16) 23... Bf6 {[#]} (23... Ke8 $11 {keeps the balance.} 24. Bf7+ Kf8) 24. Ba3+ (24. Bxd7 $1 $16 Rxd7 25. Ne5 Nxe5 26. dxe5) 24... Ke8 $11 25. Bxd7+ Rxd7 26. e4 Nxd4 (26... Rf7 {with more complications.} 27. Ne3 g3 28. Nd5 Na5 29. e5 Bd8) 27. cxd4 Rxd4 28. e5 Rxc4 (28... Bg5 {seems wilder.} 29. Bc1 Be7 30. Rf4 Rd1+ 31. Rf1 Rd4) 29. exf6 gxf6 30. Rxf6 Kd7 31. Rf7+ Kc8 32. Rc1 Rxc1+ 33. Bxc1 $14 {[%mdl 4096] Endgame Black must now prevent Bf4. KRB-KR} Rh5 34. Rg7 Rc5 35. Bf4 g3 36. hxg3 (36. h3 {is interesting.} b5 37. Rg8+ Kb7 38. Rg5 Rc4 39. Rxb5+ Kc6 40. Rf5) 36... hxg3 {The position is equal.} 37. Rxg3 (37. Bxg3 {feels hotter.} Rc2 38. Kf1 a5 39. Ke1 Kb7 40. a3) 37... Rc4 38. Bg5 a5 39. Kf2 Rc2+ {[%mdl 64] Double Attack} 40. Ke3 Rxa2 {And now ...Ra3+ would win.} 41. Kd4 Ra4+ 42. Kd5 Kb7 43. Be7 {[%mdl 32768] Accuracy: White = 35%, Black = 61%. . Loss on time!?} 0-1